Magic teens 2§ medio: texto para el estudiante

Guardado en:
Detalles Bibliográficos
Autor principal: Thirtle-Watts, Nicola (Autor)
Formato: Libro
Lenguaje:inglés
Publicado: Santiago Santillana del pacífico 2003
Edición:1a. ed
Materias:
Etiquetas: Agregar Etiqueta
Sin Etiquetas, Sea el primero en etiquetar este registro!

MARC

LEADER 00000nam a2200000 a 4500
001 UCJ0462
003 CL-VaPUC
008 060804e20030000CL |||||||||||||||||eng|d
020 |a 9561508516 
082 0 4 |a 372.6521  |b THI  |2 21 
100 0 |a Thirtle-Watts, Nicola  |e author  |9 500642 
245 1 0 |a Magic teens 2§ medio: texto para el estudiante 
250 |a 1a. ed 
300 |a 127 p 
942 |c BK 
945 |d 20060804 00:00:00  |a jtorresc 
260 |a Santiago  |b Santillana del pacífico  |c 2003 
650 0 |a Educación lingüística  |9 306506 
650 0 |a Enseñanza de idiomas  |9 339820 
650 0 |a Inglés  |9 260023 
650 0 |a Métodos de enseñanza  |9 270413 
650 0 |a Libros de texto  |9 270019 
583 |a last modification  |c 20160617 12:05:22  |k Rodrigo Vera 
999 |c 317296  |d 317294 
952 |0 0  |1 0  |4 0  |6 372_652100000000000_THI_2003  |7 0  |8 A  |9 393395  |a BIBEDU  |b BIBEDU  |d 2019-11-22  |i 4254872  |o 372.6521 THI 2003  |p 4254872  |r 2019-11-22  |w 2019-11-22  |y BK  |k LIT 
952 |0 0  |1 0  |4 0  |6 372_652100000000000_THI_2003  |7 0  |8 A  |9 393396  |a BIBEDU  |b BIBEDU  |d 2019-11-22  |i 4254880  |o 372.6521 THI 2003  |p 4254880  |r 2019-11-22  |w 2019-11-22  |y BK  |k LIT 
952 |0 0  |1 0  |4 0  |6 372_652100000000000_THI_2003  |7 0  |8 A  |9 393397  |a BIBEDU  |b BIBEDU  |d 2019-11-22  |i 4254899  |o 372.6521 THI 2003  |p 4254899  |r 2019-11-22  |w 2019-11-22  |y BK  |k LIT 
952 |0 0  |1 0  |4 0  |6 372_652100000000000_THI_2003  |7 0  |8 A  |9 393398  |a BIBEDU  |b BIBEDU  |d 2019-11-22  |i 4254902  |o 372.6521 THI 2003  |p 4254902  |r 2019-11-22  |w 2019-11-22  |y BK  |k LIT